Les clubs de Bundesliga (2017-2018) - Statistiques

Statistiques générales
  • Ce quiz a été pris 134 fois
  • Le résultat moyen est 13 sur 18
Statistiques - réponses
Classement 2016-2017 Club % Correct
1er Bayern Munich
100%
3e Borussia Dortmund
99%
2e RB Leipzig
86%
10e Schalke 04
85%
12e Bayer Leverkusen
79%
6e Hertha Berlin
78%
8e Werder Brême
76%
14e Hambourg SV
75%
5e 1. FC Cologne
72%
1er (D2) VfB Stuttgart
70%
11e Eintracht Francfort
67%
4e TSG Hoffenheim
65%
9e Borussia Mönchengladbach
63%
16e VfL Wolfsbourg
62%
2e (D2) Hanovre 96
50%
15e 1. FSV Mayence 05
49%
7e SC Fribourg
49%
13e FC Augsbourg
48%
Aucun quiz correspondant
Distribution des résultats
% des personnes avec chaque résultat
Percentile par nombre de réponses
Votre historique - résultats
Vous n’avez pas pris ce quiz